Normal view
MARC view
- الالعاب المحوسبة-صعوبات التعلم
Entry Topical Term
001 - CONTROL NUMBER
- control field: 62570
003 - CONTROL NUMBER IDENTIFIER
- control field: JO-AjAnu
005 - DATE AND TIME OF LATEST TRANSACTION
- control field: 20230606084223.0
008 - FIXED-LENGTH DATA ELEMENTS
- fixed length control field: 230606|| aca||aabn | a|a d
040 ## - CATALOGING SOURCE
- Original cataloging agency: JO-AjAnu
- Transcribing agency: JO-AjAnu
150 ## - HEADING--TOPICAL TERM
- Topical term or geographic name entry element: الالعاب المحوسبة-صعوبات التعلم
670 ## - SOURCE DATA FOUND
- Source citation: Work cat.: (JO-AjAnu)31907: اعداد باكير، هناء زهير فهد؛ اشراف محمد عمر ابو الرب , author 62569, فعالية برنامج قائم على الالعاب المحوسبة للحد من ضعف الانتباه والنشاط الزائد لدى الطلبة ذوي صعوبات التعلم = The Effectiveness of Computerized Program Based on Games to Reduce Attention Deficit and Hyperactivity Disorder among Students with Learning Disabil